000 00295nam a22001337a 4500
008 210707s2003 xx 000 0 und d
041 _aeng
082 _a052 SW
100 _aSharma, Poonam
245 _aSocial Welfare
260 _c2003
650 _aSocial Welfare
650 _aSocial Work
999 _c179625
_d179625